| 000 | 01560nam a2200229Ia 4500 | ||
|---|---|---|---|
| 003 | Ost | ||
| 005 | 20260507075331.0 | ||
| 008 | 260507s9999||||xx |||||||||||||| ||und|| | ||
| 020 | _a978995732448 | ||
| 040 | _cfsecg | ||
| 041 | _aara | ||
| 082 | _a330 | ||
| 100 |
_aالمنصور، كاسر نصر _eمؤلف |
||
| 245 | 0 |
_aإدارة العمليات الانتاجية : _bالأسس النظرية و الطرائق الكمية / _c كاسر نصر المنصور |
|
| 260 |
_aعمان: _bالحامد, _c2010 |
||
| 300 |
_a512 صفحة؛ _bإيضاحات ؛ _c25 سم |
||
| 520 | _aمفهوم ادارة العمليات و التطور التاريخي لها ، ماهية وظيفة الانتاج ، تنظيم ادارة المليات في المنظمة ، نظرية الانتاج و التكاليف ، تكنولوجيا الانتاج ، البرمجة الخطية : النماذج العامة ، مسائل النقل و مسائل التخصيص ، تصميم المنتج و تطويره ، اختيار موقع التسهيلات و التدريب الداخلي لها ، التخطيط العملياتي للسيطرة على الوقت و التكاليف ، اقتصاديات وقت العمل ( تصميم نظام العمل) ، جدولة الانتاج و جدولة العمليات ، التخطيط الاجمالي مع وجود أسئلة و مسائل في نهاية كل فصل | ||
| 653 | _aإدارة الاعمال | ||
| 653 | _aالانتاج | ||
| 653 | _aبحوث العمليات | ||
| 942 | _cكتاب | ||
| 999 |
_c44005 _d44005 |
||